Aktuální politické a ekonomické problemy ČSSR

Gespeichert in:
Bibliographische Detailangaben
1. Verfasser: Špinar, Jiří
Körperschaft: Univerzita Karlova v Praze
Format: Buch
Sprache:Tschechisch
Veröffentlicht: Praha Státní pedagogické nakladatelství 1987
Ausgabe:1. vyd.
Tags: Tag hinzufügen
Keine Tags, Fügen Sie das erste Tag hinzu!

MARC

LEADER 00000nam a2200000 4500
001 c024811
005 20221219102447.0
041 0 |a cze 
044 |a CZ 
245 1 0 |a Aktuální politické a ekonomické problemy ČSSR  |c Jiří Špinar 
250 |a 1. vyd. 
264 1 |a Praha  |b Státní pedagogické nakladatelství  |c 1987 
300 |a 73 s. 
100 1 |a Špinar, Jiří 
710 2 |a Univerzita Karlova v Praze